6. Yo No Soy Celoso - Bad Bunny - Estadísticas

Estadísticas generales
  • Esta prueba ha sido intentada 24 veces
  • La puntuación promedio es 218 de 332
Estadísticas de respuestas
Hint Respuesta % Correcto
y
100%
Y
100%
e'
95%
eh
95%
je
95%
no,
95%
no
95%
no'
95%
No
95%
yo
95%
Yo
95%
cabrón?
91%
celoso,
91%
celoso
91%
pero,
91%
Pero,
91%
Pero
91%
soy
91%
mi
86%
86%
¿quién
86%
a
82%
cora
82%
ese
82%
me
82%
Me
82%
pa'
82%
un
82%
Un
82%
corazón
77%
corazón,
77%
El
77%
el
77%
que
77%
77%
Dime,
73%
se
73%
73%
auch,
68%
hacer
68%
Si
68%
si
68%
te
68%
Te
68%
vo'a
68%
vu'a
68%
de
64%
esté
64%
la'
64%
la
64%
má'
64%
má',
64%
por
64%
Por
64%
Tranquila,
64%
tranquila,
64%
voy
64%
en
59%
papelón,
59%
una
59%
con
55%
Verso Ey,
55%
ey
55%
ey,
55%
pongo
55%
psycho,
55%
bofetón
50%
como
50%
contigo
50%
le'
50%
libre
50%
lo
50%
machismo,
50%
mismo
50%
pecado
50%
peñón,
50%
peñón
50%
piedra
50%
tire
50%
Anoche
45%
Antartica
45%
Ayer
45%
desde
45%
Dios
45%
ella
45%
eso,
45%
eso
45%
gruñón,
45%
levanté
45%
los
45%
na'
45%
noche'
45%
riñón,
45%
sin
45%
soñé
45%
tiro
45%
bebiendo
41%
Cañón
41%
cuide
41%
dejaste
41%
eh
41%
equipo
41%
éramo'
41%
Gran
41%
hígado
41%
quiero
41%
temprano,
41%
ya
41%
Ahora
36%
allá,
36%
aquí,
36%
basta
36%
Caribe
36%
Cogimo'
36%
Cupido,
36%
egoísmo
36%
eres
36%
flipo
36%
fuego
36%
he
36%
otro
36%
probando
36%
rompió
36%
sabía
36%
tenía,
36%
tipo
36%
vacacione'
36%
vieron
36%
vuelve'
36%
ando
32%
caripela'o,
32%
cuánta'
32%
da'o,
32%
Enamora'o
32%
enamora'o
32%
encojona'o
32%
Fifty-Eight
32%
fuimo'
32%
galla
32%
nuevas
32%
perderlo
32%
razón
32%
sentía
32%
táctica'
32%
también
32%
tengo
32%
to'a
32%
turismo
32%
vo'a
32%
Verso Wow,
32%
amenaza'o
27%
cuando
27%
enrola
27%
Extrañando
27%
huelerlo
27%
mente
27%
mignon
27%
mil
27%
pecho
27%
perico,
27%
dizque
23%
enreda'o,
23%
prenderlo
23%
Thunder
23%
traen
23%
Beto
18%
esta'o,
18%
Olga
18%
Tañón,
18%
caviar
14%
dreadlock
9%
No se encontraron pruebas coincidentes
Distribución de puntuación
Porcentaje de gente con cada puntuación
Porcentaje por número respondido
Historial de tus puntuaciones
No has intentado esta prueba.